women and social reform in modern India/ (Record no. 165467)

MARC details
000 -LEADER
fixed length control field 00607nam a22001817a 4500
005 - DATE AND TIME OF LATEST TRANSACTION
control field 20190618171451.0
010 ## - LCCN (DPL NO)
LC control number B-125665
020 ## - INTERNATIONAL STANDARD BOOK NUMBER
Terms of availability 500.00
International Standard Book Number 9789383046010
035 ## - SYSTEM CONTROL NUMBER
System control number EN-109197
037 ## - SOURCE OF ACQUISITION
Source of stock number/acquisition DBAD/PUB
082 ## - DEWEY DECIMAL CLASSIFICATION NUMBER
Classification number 305.40954
100 ## - MAIN ENTRY--PERSONAL NAME
Personal name Singh, Shweta
245 ## - TITLE STATEMENT
Title women and social reform in modern India/
Statement of responsibility, etc by Shweta Singh
260 ## - PUBLICATION, DISTRIBUTION, ETC. (IMPRINT)
Place of publication, distribution, etc New Delhi,
Name of publisher, distributor, etc DPS Publishing Houses
Date of publication, distribution, etc 2017
270 ## - ADDRESS
Address 4598/19-B, Gola Cottage, Ansari Road,
City Daryaganj, New Delhi
Postal code 110002
Electronic mail address dpspublishinghouses@gmail.com
Telephone number 9811734184
300 ## - PHYSICAL DESCRIPTION
Extent 203p.
Dimensions 22cm(Hb)
942 ## - ADDED ENTRY ELEMENTS (KOHA)
Source of classification or shelving scheme Dewey Decimal Classification
Item type English Books
Classification part 305.40954
Call number suffix SIH
Holdings
Withdrawn status Lost status Not for loan Collection code Home library Current library Date acquired Source of acquisition Cost, normal purchase price Full call number Barcode Copy number Cost, replacement price Koha item type
      Non-fiction Patel Nagar Patel Nagar 18/06/2019 DBAD/PUB 695.00 305.40954 SIH EN-109197 1 695.00 English Books

© Delhi Public Library
Hit Counter
free hit counter